000 01264nam0a22003131 4500
001 RU\INFOCOMM_327\NLR\5000073617
005 20250613112825.0
035 _a(NLR Aleph) 009621521
090 _a9435704
_c9435704
100 _a20130322d1985 |||y0rusy50 ca
101 0 _aeng
102 _aRU
105 _ay z |||||
200 1 _aNicolas Poussin
_e[An album]
_f[Comp. a. introd. by Yuri Zolotov
_gTransl. from the Russ. by David Williams]
210 _aLeningrad
_cAurora
_d1985
215 _a15 с., [12] л. цв. ил.
_cцв. ил.
_d32 см
225 1 _aMasters of world painting
300 _aВ вып. дан. на наклейке: Никола Пуссен : Альбом / Авт.-сост.: Юрий Константинович Золотов. - 12 700 экз.
600 1 _aПуссен
_bН.
_f1594-1665
_gНикола
_jАльбомы
_2nlr_sh1
620 _aСанкт-Петербург
686 _aЩ143(4Фр)4-8Пуссен
_2rubbk
700 1 _7ba
_8fre
_aPoussin
_bN.
_f1594-1665
_gNicolas
_9251979
_3RU\NLR\AUTH\770252035
702 1 _aZolotov
_bJ. K.
_gJuri Konstantinovič
_4220
801 1 _aRU
_bInfocomm
_c20130322
801 0 _aRU
_bINFOCOMM
_gPSBO
852 _aNLR
_jЭ АлИс590/2-П891
942 _cBOOK
980 _aNB